000 01058nam a22002175i 4500
001 155213
003 ES-MaACL
005 20230906210009.0
008 040815s1817 it |||| | lat d
040 _aNA
_bspa
_cNA
100 1 _aHeinecke, Johann Gottieb (
_d1681-1741)
_9127832
245 1 0 _aJo. Gottlieb Heineccii ... Elementa juris civilis secumdum ordinem Institutionum.
250 _aEditio nova italica
_bceteris longe auctior [et] emendatior.
260 _aVenetiis :
_b[s.n.],
_c1817 (
_fTypographia Balleoniana)
300 _a2 v. (371 p., [1] en bl.; 287 p., [1] en bl.) ;
_c17 cm.
596 _aMarca tip. en port.
597 _aSign.: A-P\p12\s, Q\p6\s ; A-M\p12\s.
710 2 1 _aStamperia Baglioni,
_eimp.
_9134962
752 _aItalia -
_dVenecia
852 _aES-MaACL
_jR-1932
_z-- Enc. piel
_x-- Edic: T596: Marca tip. en port. --T597: Signaturizado T597: Contiene 2 t. en 1 v. -- T597: Cada tomo con port. propia -- T300: El segundo tomo tiene 287 p. --T740: Elementa juris civilis secundum ordinem institutionum. Olim: G-427
999 _c155213
_d155213